Random Minecraft Mobs - Statistics

General Stats
  • This quiz has been taken 20 times
  • The average score is 11 of 12
Answer Stats
Picture Answer % Correct
Armadillo
100%
Axolotl
100%
Bat
100%
Bee
100%
Blaze
100%
Bogged
100%
Camel
100%
Cat
100%
Chicken
100%
Copper Golem
100%
Cow
100%
Creeper
100%
Dolphin
100%
Donkey
100%
Drowned
100%
Elder Guardian
100%
Ender Dragon
100%
Evoker
100%
Ghast
100%
Goat
100%
Hoglin
100%
Llama
100%
Magma Cube
100%
Mooshroom
100%
Nautilus
100%
Panda
100%
Parrot
100%
Pig
100%
Piglin
100%
Polar Bear
100%
Pufferfish
100%
Salmon
100%
Sheep
100%
Shulker
100%
Silverfish
100%
Skeleton Horse
100%
Slime
100%
Snow Golem
100%
Spider
100%
Stray
100%
Tadpole
100%
Turtle
100%
Villager
100%
Vindicator
100%
Warden
100%
Witch
100%
Wither
100%
Wither Skeleton
100%
Wolf
100%
Zoglin
100%
Zombie
100%
Zombie Horse
100%
Zombie Nautilus
100%
Zombified Piglin
100%
Endermite
80%
Guardian
80%
Zombie Villager
80%
Creaking
67%
Mule
67%
Ocelot
67%
Ravager
60%
Allay
50%
Cave Spider
50%
Cod
50%
Strider
50%
Vex
50%
Husk
33%
Breeze
0%
Camel Husk
0%
Enderman
0%
Fox
0%
Frog
0%
Glow Squid
0%
Happy Ghast
0%
Horse
0%
Iron Golem
0%
Parched
0%
Phantom
0%
Piglin Brute
0%
Pillager
0%
Rabbit
0%
Skeleton
0%
Sniffer
0%
Squid
0%
Trader Llama
0%
Tropical Fish
0%
Wandering Trader
0%
No matching quizzes found
Score Distribution
Percent of People with Each Score
Percentile by Number Answered
Your Score History
You have not taken this quiz